ნორმალური ფორმატი
MARC ფორმატი
ჩანაწერი Corporate Name
ჩანაწერთა რაოდენობა, რომელიც გამოყენებულია: 1
001 - CONTROL NUMBER
- control field: 14438
003 - CONTROL NUMBER IDENTIFIER
- control field: GE_BSU
005 - DATE AND TIME OF LATEST TRANSACTION
- control field: 20220718145111.0
008 - FIXED-LENGTH DATA ELEMENTS
- fixed length control field: 220718|| aca||aabn | a|a d
040 ## - CATALOGING SOURCE
- Original cataloging agency: GE_BSU
- Transcribing agency: GE_BSU
110 ## - HEADING--CORPORATE NAME
- Corporate name or jurisdiction name as entry element: ეკონომიკისა და ბიზნესის ფაკულტეტი ბიზნესის ადმინისტრირების დეპარტამენტი
670 ## - SOURCE DATA FOUND
- Source citation: Work cat.: (GE_BSU): საფარიძე, გურამ. 14435, საქართველოს ბიზნეს გარემოს ფორმირების აქტუალური საკითხები ევროინტეგრაციის პირობებში:
